La educación en el primer año de la Revolución Popular Sandinista

Guardado en:
Bibliografiske detaljer
Institution som forfatter: Nicaragua. Ministerio de Educación
Format: Texto
Udgivet: Managua: Nicaragua. Ministerio de Educación
Tags: Tilføj Tag
Ingen Tags, Vær først til at tagge denne postø!

MARC

LEADER 00000 a a2200000 04500
001 22667
003
040
090 |a 155400  
110 |a Nicaragua. Ministerio de Educación  
245 |a La educación en el primer año de la Revolución Popular Sandinista  
260 |a Managua:   |b Nicaragua. Ministerio de Educación  
300 |a 238 p.   |b **no definido**   |b il.  
999 |c 15192  |d 15192